Nieprawidłowy tytuł filmu - James Bond - Statystyki

Ogólne statystyki
  • Ten quiz został rozwiązany 73 razy
  • Średni wynik to 12 z 14
Statystyki odpowiedzi
Rok Nieprawidłowy Tytuł Prawidłowy Tytuł % Poprawnych
1962 Dr. Yes Dr. No
100%
1995 SilverEye GoldenEye
95%
1997 Wczoraj Nie Umiera Nigdy Jutro Nie Umiera Nigdy
95%
2021 Nie Czas Latać Nie Czas Umierać
93%
2012 Skyrise Skyfall
93%
1967 Żyje Się Tylko Trzy razy Żyje Się Tylko Dwa razy
92%
1989 Licenzja Na Bolcowanie Licencja Na Zabijanie
90%
1971 Diamenty Są Wszędzie Diamenty Są Wieczne
88%
1963 Pozdrowienie Z Belgii Pozdrowienia Z Rosji
80%
1965 Operacja Błyskawica Operacja Piorun
75%
1981 Tylko Dla Moich Oczu Tylko Dla Twoich Oczu
75%
1979 Moontaker Moonraker
68%
2008 Spoonful of Solace Quantum of Solace
67%
1999 Dziewczyny To Za Mało Świat To Za Mało
63%
Nie znaleziono quizów pasujących do podanych kryteriów
Rozkład punktacji
Procent ludzi z każdym wynikiem
Percentyl według liczby udzielonych odpowiedzi
Twoja historia wyników
Nie rozwiązałeś tego quizu